Rozpoznaj filmy lat 2010-tych po obrazie - Statystyki

Ogólne statystyki
  • Ten quiz został rozwiązany 38 razy
  • Średni wynik to 21 z 40
Statystyki odpowiedzi
Obrazkowy Hint Odpowiedź % Poprawnych
2019 Joker
91%
2013 Kraina Lodu
86%
2015 Minionki
86%
2016 La La Land
80%
2018 Venom
77%
2012 Avengers
74%
2016 Deadpool
74%
2010 Jak wytresować smoka
74%
2016 Zwierzogród
74%
2018 Czarna Pantera
71%
2014 Czarownica
69%
2014 Interstellar
66%
2017 Wonder Woman
66%
2015 Mad Max: Na drodze gniewu
63%
2015 Marsjanin
63%
2017 Dunkierka
60%
2011 Harry Potter i Insygnia Śmierci: Część II
60%
2010 Incepcja
60%
2014 Strażnicy Galaktyki
57%
2015 W głowie się nie mieści
54%
2012 Życie Pi
54%
2017 Blade Runner 2049
43%
2018 Green Book
43%
2019 Parasite
43%
2018 Ciche miejsce
40%
2010 Jak zostać królem
40%
2019 Na noże
40%
2016 Sausage Party
40%
2010 The Social Network
40%
2013 Grawitacja
37%
2011 Rango
37%
2017 Uciekaj!
34%
2012 Mroczny Rycerz powstaje
31%
2013 Człowiek ze stali
29%
2019 Małe Kobietki
29%
2014 Teoria Wszystkiego
29%
2012 Operacja Argo
26%
2011 Artysta
14%
2010 127 Godzin
9%
2013 Zniewolony
9%
Nie znaleziono quizów pasujących do podanych kryteriów
Rozkład punktacji
Procent ludzi z każdym wynikiem
Percentyl według liczby udzielonych odpowiedzi
Twoja historia wyników
Nie rozwiązałeś tego quizu